How to locate jobs and land interviews /

Bibliographic Details
Main Author: French, Albert L.
Corporate Author: NetLibrary, Inc
Format: eBook
Language:English
Published: Hawthorne, N.J. : The Career Press, [1993]
Edition:2nd ed.
Subjects:
Online Access:Connect to the full text of this electronic book

MARC

Tag First Indicator Second Indicator Subfields
LEADER 00000cam a2200000La 4500
001 in00001748113
005 20220105121019.0
006 m u
007 cr cn-
008 000807s1993 coua sb 000 0 eng d
010 |z  90082660  
020 |a 0585218331 (electronic bk.) :  |c $10.95 
020 |z 1564140598 (pbk.) 
035 |a (OCoLC)ocm44958207 
040 |a N$T  |c N$T  |d OCL  |d UtOrBLW 
049 |a IKMN 
050 1 4 |a HF5382.7  |b .F74 1993eb 
082 0 4 |a 650.14  |b FRE 
100 1 |a French, Albert L.  |0 http://id.loc.gov/authorities/names/n93043746 
245 1 0 |a How to locate jobs and land interviews /  |c Albert L. French. 
250 |a 2nd ed. 
264 1 |a Hawthorne, N.J. :  |b The Career Press,  |c [1993] 
264 4 |c ©1993 
300 |a 127 pages :  |b illustrations ;  |c 28 cm. 
336 |a text  |b txt  |2 rdacontent 
337 |a computer  |b c  |2 rdamedia 
338 |a online resource  |b cr  |2 rdacarrier 
504 |a Includes bibliographical references and index. 
533 |a Electronic reproduction.  |b Boulder, Colo. :  |c NetLibrary,  |d 2000.  |n Available via the World Wide Web.  |n Available in multiple electronic file formats.  |n Access may be limited to NetLibrary affiliated libraries. 
500 |a Electronic resource. 
650 0 |a Job hunting.  |0 http://id.loc.gov/authorities/subjects/sh85070579 
650 0 |a Employment interviewing.  |0 http://id.loc.gov/authorities/subjects/sh85042921 
655 7 |a Electronic books.  |2 local 
710 2 |a NetLibrary, Inc.  |0 http://id.loc.gov/authorities/names/no99080690 
776 1 |c Original  |w (DLC) 90082660  |w (OCoLC)22345205 
856 4 1 |u https://proxy.library.tamu.edu/login?url=http://www.netLibrary.com/urlapi.asp?action=summary&v=1&bookid=25097  |z Connect to the full text of this electronic book  |t 0 
994 |a 92  |b IKM 
999 |a MARS 
999 f f |s c880d322-508d-353b-a221-52c36b7638bb  |i 6a1cb505-7e6c-365a-a8e3-c5ee68f97e11  |t 0 
952 f f |a Texas A&M University  |b College Station  |c Electronic Resources  |d Available Online  |t 0  |e HF5382.7 .F74 1993eb  |h Library of Congress classification 
998 f f |a HF5382.7 .F74 1993eb  |t 0  |l Available Online